000 00550nam a2200217Ia 4500
003 OSt
005 20220928140613.0
006 a|||||r|||| 00| 0
007 ta
008 220927b |||||||| |||| 00| 0 eng d
024 _a9854
037 _cTextual
040 _aSDCL
_cSDCL
_beng
041 _2eng
_aeng
082 _aO-,3M:g(V), L8
100 _aSanders Andrew
_9496182
245 0 _aVictorian historical novel 1840-1880.
260 _c1978
942 _hO-,3M:g(V), L8
_cTEXL
_2CC
999 _c812461
_d812461